Famous People with Biblical Names #1 - Statistics

General Stats
  • This quiz has been taken 52 times
  • The average score is 12 of 15
Answer Stats
Hint Answer % Correct
Longest-reigning British monarch, she was queen for 70 years Queen {Elizabeth} II
100%
Singer-songwriter of The Beatles {John} Lennon
98%
Basketball player considered to be the greatest of all time {Michael} Jordan
98%
American comedian known for his films like "Happy Gilmore" {Adam} Sandler
94%
Legendary actor from "Rebel Without a Cause" {James} Dean
94%
Author of "Huckleberry Finn", real name Samuel Clemens {Mark} Twain
94%
Played Frodo Baggins in "The Lord of the Rings" series {Elijah} Wood
85%
Athlete who won four gold medals at the 1936 Berlin Olympics {Jesse} Owens
83%
British supermodel, the first Black woman to appear on the cover of Time Magazine {Naomi} Campbell
83%
Broadcaster known for his long career making nature documentaries {David} Attenborough
81%
First Jewish woman to serve in the U.S. Supreme Court {Ruth} Bader Ginsburg
81%
2008 U.S. Vice-Presidential candidate {Sarah} Palin
77%
Billionaire American homemaker {Martha} Stewart
67%
20th-century poet who was one of the pioneers of Imagism {Ezra} Pound
48%
Wife of U.S. President John Adams and mother of John Quincy Adams {Abigail} Adams
44%
No matching quizzes found
Score Distribution
Percent of People with Each Score
Percentile by Number Answered
Your Score History
You have not taken this quiz